000 00816cam a22002893a 4500
001 19246
003 PGUSA
005 20140828083416.0
008 060911s2006||||xxu|||||s|||||000 1 eng d
040 _aPGUSA
_beng
042 _adc
050 4 _aPZ
050 4 _aPS
100 1 _aGrey, Zane,
_d1872-1939
245 1 4 _aThe Young Pitcher
_h[electronic resource] /
_cZane Grey
260 _bProject Gutenberg,
_c2006
506 _aPublic domain in the USA.
516 _aElectronic text
653 _aCollege sports -- Fiction
653 _aBaseball -- Fiction
653 _aUniversities and colleges -- Fiction
653 _aCollege students -- Fiction
653 _aBaseball players -- Fiction
830 0 _aProject Gutenberg
_v19246
856 4 0 _uhttp://www.gutenberg.org/ebooks/19246
942 _cEB
999 _c248501
_d248501